Southville International School and Colleges
Your cart is empty.
  • Cart
  • Lists
    Public lists Eva Luna New books Lux_list list_1
    Your lists Log in to create your own lists
  • Log in to your account
  • Your cookies
  • Search history
Southville International School and Colleges
  • Advanced search
  • Recent comments
  • Most popular
  • Libraries

Log in to your account

Log in with GOOGLE


If you do not have an external account, but do have a local account, you can still log in:

  1. Home
  2. MARC view: Seeley's principles of anatomy and physiology /
Normal view MARC view ISBD view

Seeley's principles of anatomy and physiology / (Record no. 23904)

[ view plain ]
MARC details
000 -LEADER
fixed length control field 00609nam a2200217 a 4500
003 - CONTROL NUMBER IDENTIFIER
control field PILC
005 - DATE AND TIME OF LATEST TRANSACTION
control field 20150908142357.0
008 - FIXED-LENGTH DATA ELEMENTS--GENERAL INFORMATION
fixed length control field 100312s19uu xx 00 eng d
020 ## - INTERNATIONAL STANDARD BOOK NUMBER
International Standard Book Number 9780071282437
050 ## - LIBRARY OF CONGRESS CALL NUMBER
Classification number QP 34.5
Item number .T378 2009
100 ## - MAIN ENTRY--PERSONAL NAME
Personal name Tate, Philip.
245 ## - TITLE STATEMENT
Title Seeley's principles of anatomy and physiology /
Statement of responsibility, etc Philip Tate.
260 ## - PUBLICATION, DISTRIBUTION, ETC. (IMPRINT)
Place of publication, distribution, etc Boston :
Name of publisher, distributor, etc McGraw-Hill,
Date of publication, distribution, etc 2009.
300 ## - PHYSICAL DESCRIPTION
Extent xix, 843 pages :
Other physical details color illustrations ;
Dimensions 27 cm.
650 ## - SUBJECT ADDED ENTRY--TOPICAL TERM
Topical term or geographic name as entry element Human anatomy.
650 ## - SUBJECT ADDED ENTRY--TOPICAL TERM
Topical term or geographic name as entry element Human physiology.
650 ## - SUBJECT ADDED ENTRY--TOPICAL TERM
Topical term or geographic name as entry element Anatomy.
650 ## - SUBJECT ADDED ENTRY--TOPICAL TERM
Topical term or geographic name as entry element Physiology.
942 ## - ADDED ENTRY ELEMENTS (KOHA)
Koha item type Books
Source of classification or shelving scheme Library of Congress Classification
Call number prefix Foreign
Holdings
Withdrawn status Lost status Source of classification or shelving scheme Damaged status Home library Current library Shelving location Date acquired Total Checkouts Total Renewals Full call number Barcode Date last seen Date checked out Copy number Price effective from Koha item type Source of acquisition Sub Shelving location Checked out
    Library of Congress Classification   College Library College Library General Circulation Section 11/05/2011 17 40 QP 34.5 .T378 2009 C13937 01/28/2025 01/11/2025 1 10/18/2013 Books      
    Library of Congress Classification   College Library College Library General Circulation Section 01/14/2014 15 30 QP 34.5 .T378 2009 C11138 12/14/2024 12/09/2024 2 01/14/2014 Books Donation    
    Library of Congress Classification   College Library College Library General Circulation Section 09/08/2015 1   QP 34.5 .T378 2009 C19975 10/02/2018 10/02/2018   09/08/2015 Books Donation   10/09/2018

Seeley's principles of anatomy and physiology /

APA

Tate P., . (2009). Seeley's principles of anatomy and physiology. Boston: McGraw-Hill.

Chicago

Tate Philip, . 2009. Seeley's principles of anatomy and physiology. Boston: McGraw-Hill.

Harvard

Tate P., . (2009). Seeley's principles of anatomy and physiology. Boston: McGraw-Hill.

MLA

Tate Philip, . Seeley's principles of anatomy and physiology. Boston: McGraw-Hill. 2009.

  • Place hold
  • Print
  • Cite
  • Add to your cart (remove)
  • Save record
    BIBTEX Dublin Core MARCXML MARC (non-Unicode/MARC-8) MARC (Unicode/UTF-8) MARC (Unicode/UTF-8, Standard) MODS (XML) RIS
  • More searches
    Search for this title in:
    Other Libraries (WorldCat) Other Databases (Google Scholar) Online Stores (Bookfinder.com) Open Library (openlibrary.org)

Exporting to Dublin Core...

SOUTHVILLE LIBRARY

Southville International School and Colleges Library

1281 Tropical Ave. Cor. Luxembourg St., BF Homes International, Las Pinas City

Tel. No. 8256374 / 252358 Loc. 117/146

Powered by Koha